| 000 | 00712nam a2200181 a 4500 | ||
|---|---|---|---|
| 005 | 20140414093826.0 | ||
| 008 | 030211s19uu xx 00 eng d | ||
| 050 |
_aVHS 370 _bOR 06 |
||
| 100 | _aASCD | ||
| 245 |
_aHow to use graphic organizers to promote student thinking / _cAssociation for Supervision and Curriculum Development. |
||
| 260 |
_aAlexandria, Va : _bAssociation for Supervision and Curriculum Development, _cc2000. |
||
| 300 | _a1 tape, 15 min. | ||
| 440 | _aA video series for the classroom teacher | ||
| 520 | _aA 15-minute videotape that examines different types of graphic organizers and how to use them effectively. | ||
| 650 | _aGraphic organizers. | ||
| 942 | _cAVM | ||
| 999 |
_c108446 _d108446 |
||